| 000 | 00494cam a22001571 4500 | ||
|---|---|---|---|
| 082 | 0 | 0 |
_a624.18341 _bDUN _cL-19, P-31 |
| 100 | 1 |
_aDunham, Clarence W. _926832 |
|
| 245 | 1 | 4 |
_aThe theory and practice of reinforced concrete _c[by] Clarence W. Dunham. |
| 250 | _a4th ed. | ||
| 260 |
_aNew York, _bMcGraw-Hill _c[1966] |
||
| 300 |
_aix, 629 p. _billus. _c24 cm. |
||
| 526 |
_a0 _b0 _c0 _d624_183410000000000_DUN |
||
| 650 | 0 |
_aMCE _9379 |
|
| 650 | 0 | _aReinforced concrete construction. | |
| 942 |
_2ddc _cBK |
||
| 999 |
_c546975 _d546975 |
||